00553cam a22002051 4500001001300000003000400013005001700017008004100034010001700075035002000092040001800112050001800130130004500148245002200193260000900215300002300224500003600247700004700283999001700330sa 68007081 DLC20260227112520.0890925s1966 xx 000 0 ben  asa 68007081  a(OCoLC)23536339 aDLCcMiUdDLC00aBP104.92b.L80 aQurʼan.kSelections.lBengali & Arabic.10aNūre Koraāna. c1966 a12, 177 p.c19 cm. aIncludes commentary in Bengali.2 aLutfur Rahman, Abul Hayat Muhammad,d1938- c81606d81606